[Event "75. LJUBLJANSKA LIGA 2023"]
[Site " gostovanja"]
[Date "2023.01.12"]
[Round "1.2"]
[White "Veskovic, Dzemal"]
[Black "Hribar, Janez"]
[Result "1/2-1/2"]
[WhiteElo "1876"]
[BlackElo "1894"]
[PlyCount "39"]
[EventDate "2023.01.12"]
[WhiteTeam "SD MENGES - TRZIN"]
[BlackTeam "SD CRNI GRABEN"]

1. e4 Nf6 2. Nc3 d5 3. exd5 Nxd5 4. Nxd5 Qxd5 5. Qf3 c6 6. Qxd5 cxd5 7. Bb5+
Nc6 8. d4 Bf5 9. c3 a6 10. Bxc6+ bxc6 11. Nf3 e6 12. O-O Bd6 13. g3 c5 14. dxc5
Bxc5 15. Be3 Bxe3 16. fxe3 Rb8 17. Rf2 O-O 18. Nd4 Be4 19. a4 Rfc8 20. Rd2
1/2-1/2

[Event "75. LJUBLJANSKA LIGA 2023"]
[Site " gostovanja"]
[Date "2023.01.12"]
[Round "1.3"]
[White "Majcen, Zoran"]
[Black "Simicak, Metod"]
[Result "0-1"]
[WhiteElo "1802"]
[BlackElo "1704"]
[PlyCount "86"]
[EventDate "2023.01.12"]
[WhiteTeam "SD CRNI GRABEN"]
[BlackTeam "SD MENGES - TRZIN"]

1. e4 e5 2. d4 exd4 3. Qxd4 Nc6 4. Qe3 Bb4+ 5. Bd2 Qe7 6. Nc3 Nf6 7. f3 a6 8.
O-O-O b5 9. g4 h6 10. h4 Bc5 11. Qf4 Bd6 12. Qe3 Bc5 13. Qe1 Ne5 14. Qg3 Bb7
15. Bf4 d6 16. h5 Qe6 17. g5 hxg5 18. Bxg5 Nxh5 19. Qh2 f6 20. Bf4 Ke7 21. Bxe5
fxe5 22. Qh4+ Nf6 23. Qxh8 Rxh8 24. Rxh8 Bxg1 25. Bh3 Be3+ 26. Kb1 Qc4 27. Bf1
Qc5 28. Ne2 Bc6 29. Ng3 Bd7 30. Ra8 Qc6 31. Rh8 Bf4 32. Ne2 Bh6 33. Rb8 Be6 34.
Ng3 Bf4 35. Ne2 Be3 36. Rh8 Qb6 37. Ra8 Ne8 38. Bg2 Qb7 39. Rxe8+ Kxe8 40. Rh1
Bh6 41. Rg1 Qb6 42. Bf1 Qe3 43. a4 Bc4 0-1

[Event "75. LJUBLJANSKA LIGA 2023"]
[Site " gostovanja"]
[Date "2023.01.12"]
[Round "1.4"]
[White "Grasic, Marjan"]
[Black "Vidergar, Milan"]
[Result "0-1"]
[WhiteElo "1664"]
[BlackElo "1504"]
[PlyCount "42"]
[EventDate "2023.01.12"]
[WhiteTeam "SD MENGES - TRZIN"]
[BlackTeam "SD CRNI GRABEN"]

1. e4 c5 2. c4 Nc6 3. Nf3 e5 4. Nc3 d6 5. d3 g6 6. Be2 Bg7 7. O-O Nge7 8. Be3
O-O 9. Qd2 f5 10. Bh6 f4 11. Bxg7 Kxg7 12. a3 Bg4 13. Nd5 Bxf3 14. Bxf3 Nd4 15.
Bd1 Nxd5 16. cxd5 f3 17. g3 Qd7 18. Kh1 Qg4 19. Rg1 g5 20. b4 Rf6 21. bxc5 Rh6
0-1

[Event "75. LJUBLJANSKA LIGA 2023"]
[Site " gostovanja"]
[Date "2023.01.19"]
[Round "2.1"]
[White "Keber, Aljosa"]
[Black "Markun, Ozbej"]
[Result "0-1"]
[WhiteElo "1876"]
[BlackElo "1958"]
[PlyCount "84"]
[EventDate "2023.01.19"]
[WhiteTeam "SK KOMENDA POGI"]
[BlackTeam "SS TOMO ZUPAN KRANJ"]

1. e4 c5 2. Nf3 d6 3. d4 cxd4 4. Nxd4 Nf6 5. Nc3 a6 6. Be3 e5 7. Nb3 Be6 8. f3
Be7 9. Qd2 O-O 10. O-O-O Nc6 11. Nd5 Bxd5 12. exd5 Nb8 13. g4 a5 14. a4 Nfd7
15. h4 Na6 16. g5 Nb6 17. Bxb6 Qxb6 18. Qxa5 Qe3+ 19. Qd2 Qxf3 20. Bxa6 Rxa6
21. Qb4 Qe3+ 22. Nd2 Qa7 23. b3 Rb8 24. Nc4 Rf8 25. Rh3 f6 26. gxf6 Bxf6 27.
Qb5 Rd8 28. Qb4 b5 29. Nb2 bxa4 30. Nxa4 Rb8 31. Qe4 Qc7 32. Rc3 Rxa4 33. Qxa4
Qxc3 34. Rd3 Qe1+ 35. Rd1 Qe3+ 36. Kb1 e4 37. Ka2 Rc8 38. b4 Qc3 39. Rb1 e3 40.
b5 e2 41. b6 e1=Q 42. Rxe1 Qb2# 0-1

[Event "75. LJUBLJANSKA LIGA 2023"]
[Site " gostovanja"]
[Date "2023.01.19"]
[Round "2.2"]
[White "Susnik, Matej"]
[Black "Cimperman, Teo"]
[Result "0-1"]
[WhiteElo "2048"]
[BlackElo "1532"]
[PlyCount "85"]
[EventDate "2023.01.19"]
[WhiteTeam "SS TOMO ZUPAN KRANJ"]
[BlackTeam "SK KOMENDA POGI"]

1. e4 c5 2. Nf3 Nc6 3. d4 cxd4 4. Nxd4 g6 5. Nc3 Bg7 6. Be3 Nf6 7. Bc4 O-O 8.
Bb3 d6 9. f3 Bd7 10. h4 h5 11. Qd2 Rc8 12. O-O-O Na5 13. Bh6 Nxb3+ 14. Nxb3 b5
15. Bxg7 Kxg7 16. g4 a5 17. e5 Nxg4 18. fxg4 Bxg4 19. Rde1 a4 20. Nd4 Qa5 21.
Ncxb5 Qb6 22. exd6 exd6 23. c3 Rc5 24. Kb1 Rxb5 25. Nxb5 Qxb5 26. Qxd6 Re8 27.
Rxe8 Qxe8 28. Qd4+ Kh7 29. c4 Qe7 30. c5 Qe8 31. Ka1 Qe7 32. Qf2 Qb7 33. Rc1
Qd5 34. Qc2 Qc6 35. b4 Be6 36. Qc3 Qg2 37. Rc2 Qh1+ 38. Kb2 Qd5 39. Ka3 Qc6 40.
Rd2 Bd5 41. Qd4 Be6 42. Qd6 Qf3+ 43. Qd3 0-1

[Event "75. LJUBLJANSKA LIGA 2023"]
[Site " gostovanja"]
[Date "2023.01.19"]
[Round "2.3"]
[White "Babarovic, Fran"]
[Black "Smirnov, Maksim"]
[Result "1-0"]
[WhiteElo "1275"]
[BlackElo "1405"]
[PlyCount "147"]
[EventDate "2023.01.19"]
[WhiteTeam "SK KOMENDA POGI"]
[BlackTeam "SS TOMO ZUPAN KRANJ"]

1. e4 c6 2. d4 d5 3. Nc3 dxe4 4. Nxe4 Nf6 5. Nxf6+ exf6 6. Bf4 Bd6 7. Bxd6 Qxd6
8. Nf3 O-O 9. Be2 Bf5 10. O-O Na6 11. Bxa6 bxa6 12. c3 Rab8 13. b3 c5 14. d5 c4
15. bxc4 Rbc8 16. Qd4 Qc5 17. Nd2 Qa3 18. Nb3 Bc2 19. c5 Rfd8 20. c4 a5 21. Qc3
a4 22. Qxc2 axb3 23. axb3 Qxc5 24. Qd3 Rb8 25. Rfe1 a5 26. Qe3 Qb4 27. Ra4 Qxb3
28. Qxb3 Rxb3 29. Rxa5 Rc3 30. Rc5 g6 31. Rc6 Rd3 32. g3 Kf8 33. Rc7 Re8 34.
Ra1 Re2 35. Raa7 Rd1+ 36. Kg2 f5 37. Rxf7+ Kg8 38. Rfc7 Re8 39. Rg7+ Kh8 40.
Rxh7+ Kg8 41. Rhg7+ Kh8 42. Rxg6 Rd2 43. Rg5 f4 44. Ra6 Kh7 45. Rf5 fxg3 46.
hxg3 Rc2 47. Rc6 Rd2 48. d6 Kg8 49. d7 Rxd7 50. Rd5 Rf7 51. f4 Ra7 52. f5 Ra2+
53. Kh3 Rf2 54. Rg6+ Kh7 55. Rd7+ Kh8 56. Rd4 Re7 57. Rh4+ Rh7 58. Rxh7+ Kxh7
59. g4 Kh8 60. c5 Rc2 61. c6 Kh7 62. Kg3 Rc4 63. Rd6 Kh8 64. Rd8+ Kg7 65. Rd7+
Kh6 66. Rd6+ Kh7 67. g5 Kg8 68. Rd8+ Kf7 69. g6+ Ke7 70. g7 Rc5 71. Kf4 Rc4+
72. Kg5 Rc5 73. Rd7+ Ke8 74. g8=R# 1-0

[Event "75. LJUBLJANSKA LIGA 2023"]
[Site " gostovanja"]
[Date "2023.01.19"]
[Round "2.4"]
[White "Demsar, Maks"]
[Black "Perme, Lojze"]
[Result "1-0"]
[WhiteElo "1442"]
[BlackElo "1094"]
[PlyCount "55"]
[EventDate "2023.01.19"]
[WhiteTeam "SS TOMO ZUPAN KRANJ"]
[BlackTeam "SK KOMENDA POGI"]

1. e4 e5 2. Nc3 Nc6 3. Bc4 Bc5 4. Qg4 Bf8 5. Qg3 Nf6 6. d3 h6 7. Be3 d6 8. Nge2
Be6 9. Bxe6 fxe6 10. Qg6+ Kd7 11. f4 Ne7 12. Qg3 Nh5 13. Qh3 Nxf4 14. Bxf4 exf4
15. Nxf4 Kc8 16. Nxe6 Qd7 17. Nb5 a6 18. Nbxc7 Ra7 19. O-O g5 20. Rf7 b5 21.
Raf1 Rxc7 22. Rxf8+ Rxf8 23. Rxf8+ Kb7 24. Nxc7 Qxc7 25. Rf7 Qd8 26. Qe6 Kb6
27. Qxe7 Qxe7 28. Rxe7 1-0

[Event "75. LJUBLJANSKA LIGA 2023"]
[Site " gostovanja"]
[Date "2023.01.19"]
[Round "2.1"]
[White "Baric, Dusan"]
[Black "Coklin, Marko"]
[Result "0-1"]
[WhiteElo "1979"]
[BlackElo "2129"]
[PlyCount "106"]
[EventDate "2023.01.19"]
[WhiteTeam "SK VISNJA GORA - STICNA"]
[BlackTeam "SK TRZIN BUSCOTRADE"]

1. e4 c5 2. c3 d5 3. exd5 Qxd5 4. Nf3 e5 5. d4 Bg4 6. Be2 e4 7. Ng5 Bf5 8. Qa4+
Bd7 9. Qc4 Qf5 10. dxc5 Bc6 11. O-O Be7 12. Nh3 Bxc5 13. Be3 Nd7 14. Bxc5 Nxc5
15. Na3 Nf6 16. Nc2 Ne6 17. Ne3 Qg6 18. Qb4 O-O-O 19. Rfd1 Kb8 20. a4 Nd5 21.
Nxd5 Bxd5 22. c4 Bc6 23. Qc3 Qf6 24. Qxf6 gxf6 25. b4 Nd4 26. Bh5 Nc2 27. Rab1
Bxa4 28. Nf4 Nd4 29. Re1 Rhf8 30. b5 Bc2 31. Rbc1 Bd3 32. h3 Nb3 33. Rc3 Nc5
34. Nd5 Rd6 35. Be2 Rfd8 36. Bxd3 exd3 37. g4 Rxd5 38. cxd5 Rxd5 39. Rd1 Kc7
40. Rdxd3 Rxd3 41. Rxc5+ Kb6 42. Rf5 Rxh3 43. Rxf6+ Kxb5 44. Rxf7 Ka6 45. g5 b5
46. Kg2 Rh5 47. f4 b4 48. Re7 Kb6 49. Re6+ Kb5 50. Re7 a5 51. Kg3 b3 52. Kg4
Rh1 53. f5 Ka4 0-1

[Event "75. LJUBLJANSKA LIGA 2023"]
[Site " gostovanja"]
[Date "2023.01.19"]
[Round "2.2"]
[White "Krumpak, Hinko"]
[Black "Lesjak, Damjan"]
[Result "1-0"]
[WhiteElo "2043"]
[BlackElo "1815"]
[PlyCount "109"]
[EventDate "2023.01.19"]
[WhiteTeam "SK TRZIN BUSCOTRADE"]
[BlackTeam "SK VISNJA GORA - STICNA"]

1. b3 e5 2. Bb2 d6 3. c4 Na6 4. g3 g6 5. Bg2 Bg7 6. e3 Nf6 7. Ne2 O-O 8. Nbc3
Nb4 9. d4 Bf5 10. e4 exd4 11. exf5 Re8 12. O-O dxc3 13. Bxc3 Nc6 14. fxg6 hxg6
15. Qc2 Qd7 16. Rfe1 Re7 17. Nf4 Rae8 18. Rxe7 Rxe7 19. Nd5 Nxd5 20. Bxd5 Bxc3
21. Qxc3 Re2 22. Qd3 Qe7 23. Qxg6+ Kf8 24. Qh6+ Kg8 25. Bf3 Re6 26. Qd2 Ne5 27.
Bg2 Ng4 28. Qf4 Nf6 29. Bxb7 Re2 30. Bf3 Rb2 31. Kf1 d5 32. Qd4 Rc2 33. Re1 Qd6
34. cxd5 Rxa2 35. b4 Qb6 36. Qxb6 axb6 37. Rc1 Ne8 38. d6 Nxd6 39. Rxc7 b5 40.
Rc6 Rd2 41. Rc5 Rb2 42. Rd5 Nc4 43. Rxb5 Kg7 44. h4 f6 45. Be2 Nd6 46. Rd5 Ne4
47. Rd4 Nc3 48. Bd3 Rd2 49. Rd7+ Kf8 50. Bf5 Rb2 51. Rb7 Nd1 52. Ke1 Nxf2 53.
b5 Nh1 54. g4 Nf2 55. h5 1-0

[Event "75. LJUBLJANSKA LIGA 2023"]
[Site " gostovanja"]
[Date "2023.01.19"]
[Round "2.3"]
[White "Kocmur, Boris"]
[Black "Rojs, Igor"]
[Result "0-1"]
[WhiteElo "1611"]
[BlackElo "1935"]
[PlyCount "62"]
[EventDate "2023.01.19"]
[WhiteTeam "SK VISNJA GORA - STICNA"]
[BlackTeam "SK TRZIN BUSCOTRADE"]

1. e4 d5 2. e5 Bf5 3. d4 e6 4. Nc3 c5 5. Nb5 a6 6. Nc3 Nc6 7. Nf3 Qc7 8. a3
cxd4 9. Ne2 d3 10. cxd3 Nxe5 11. Ned4 Nxf3+ 12. Nxf3 Bd6 13. d4 Rc8 14. Bd3 Ne7
15. O-O O-O 16. Re1 Bxd3 17. Qxd3 Qc4 18. Qb1 Ng6 19. Be3 Qc2 20. Qa2 Qf5 21.
Qb3 b5 22. Rac1 Nf4 23. Ne5 Bxe5 24. dxe5 Qxe5 25. Qb4 Nd3 26. Rxc8 Rxc8 27.
Bd2 Nxe1 28. Bxe1 Qe4 29. Qa5 h6 30. g3 Rc1 31. Kf1 d4 0-1

[Event "75. LJUBLJANSKA LIGA 2023"]
[Site " gostovanja"]
[Date "2023.01.19"]
[Round "2.4"]
[White "Suhadolnik, Jernej"]
[Black "Zunic, Bostjan"]
[Result "1-0"]
[WhiteElo "1853"]
[BlackElo "1444"]
[PlyCount "83"]
[EventDate "2023.01.19"]
[WhiteTeam "SK TRZIN BUSCOTRADE"]
[BlackTeam "SK VISNJA GORA - STICNA"]

1. b4 e5 2. Bb2 d6 3. g3 Nf6 4. Bg2 e4 5. c4 Be7 6. Nc3 Bf5 7. d3 c6 8. dxe4
Be6 9. Qd3 O-O 10. Nf3 h6 11. Nd4 Nbd7 12. f4 Bg4 13. e3 c5 14. Nf5 Bxf5 15.
exf5 cxb4 16. Nd5 Nc5 17. Qd4 Na4 18. Nxe7+ Qxe7 19. Bc1 Nc5 20. O-O a5 21. h3
Nfe4 22. Bb2 f6 23. Qd5+ Kh7 24. g4 Ng3 25. Rfe1 a4 26. e4 Rae8 27. e5 dxe5 28.
fxe5 Qc7 29. Qf3 a3 30. Bd4 Nge4 31. Rxe4 Nxe4 32. Qxe4 Qxc4 33. Bf1 Qc6 34.
Qxc6 bxc6 35. e6 Rc8 36. Bc5 Rfe8 37. Rd1 Red8 38. Rxd8 Rxd8 39. e7 Re8 40. Bc4
g6 41. Bf7 Rxe7 42. fxg6+ 1-0

[Event "75. LJUBLJANSKA LIGA 2023"]
[Site " gostovanja"]
[Date "2023.01.19"]
[Round "2.1"]
[White "Hiti, Domen"]
[Black "Olenik Campa, Rudi"]
[Result "0-1"]
[WhiteElo "2236"]
[BlackElo "2358"]
[PlyCount "101"]
[EventDate "2023.01.19"]
[WhiteTeam "SK IG"]
[BlackTeam "SK LJUBLJANA"]

1. d4 Nf6 2. c4 g6 3. Nc3 Bg7 4. e4 d6 5. Nf3 O-O 6. Be2 e5 7. d5 a5 8. Bg5 h6
9. Bh4 g5 10. Bg3 Nh5 11. Nd2 Nf4 12. O-O Na6 13. Re1 Nc5 14. Bf1 g4 15. Qc2 h5
16. f3 Qg5 17. fxg4 Bxg4 18. a3 a4 19. Kh1 Bh6 20. h4 Qf6 21. b4 axb3 22. Nxb3
Nxb3 23. Qxb3 Ng6 24. Be2 Nxh4 25. Bxg4 hxg4 26. Rf1 Qg5 27. Nb5 Rac8 28. c5
Qh5 29. Kg1 f5 30. Bxh4 Qxh4 31. g3 Qh3 32. Rf2 Bf4 33. Rg2 fxe4 34. cxd6 cxd6
35. Nxd6 Rc1+ 36. Rxc1 Bxc1 37. Qc3 Qh6 38. Nxe4 Be3+ 39. Nf2 Qb6 40. Qc2 Kg7
41. Rh2 e4 42. Kf1 Qb5+ 43. Qe2 Qb1+ 44. Qe1 Qd3+ 45. Qe2 Bxf2 46. Rxf2 Rxf2+
47. Kxf2 Qf3+ 48. Ke1 Qxg3+ 49. Kd2 Qf4+ 50. Kc2 Kf7 51. Qc4 0-1

[Event "75. LJUBLJANSKA LIGA 2023"]
[Site " gostovanja"]
[Date "2023.01.19"]
[Round "2.2"]
[White "Sfiligoj, Anze"]
[Black "Janzelj, Lara"]
[Result "0-1"]
[WhiteElo "1688"]
[BlackElo "2173"]
[PlyCount "94"]
[EventDate "2023.01.19"]
[WhiteTeam "SK LJUBLJANA"]
[BlackTeam "SK IG"]

1. e4 d6 2. d4 Nf6 3. Nc3 e5 4. dxe5 dxe5 5. Qxd8+ Kxd8 6. Bc4 Ke8 7. Nf3 Bd6
8. h3 c6 9. a4 b6 10. Bg5 Ke7 11. Nd5+ cxd5 12. Bxd5 Nc6 13. Bxc6 Rb8 14. O-O-O
Be6 15. Rd2 Rbc8 16. Bb5 Bb4 17. c3 h6 18. Bxf6+ Kxf6 19. Kc2 Bc5 20. b4 Bxb4
21. Rd3 Rc7 22. Kb2 Be7 23. Rhd1 Rc5 24. g4 g6 25. Ne1 Kg7 26. Nc2 h5 27. f3
hxg4 28. fxg4 a5 29. Rf3 Rhc8 30. Bd7 Bxd7 31. Rxd7 Kf8 32. Rb7 Rc4 33. Rxb6
Rxa4 34. Rxg6 Rb8+ 35. Kc1 Rxe4 36. Ra6 Bg5+ 37. Ne3 Rxe3 38. Rxe3 Bxe3+ 39.
Kc2 Bb6 40. Kd3 Bd8 41. Ke4 f6 42. h4 Rc8 43. Kd3 Kg7 44. c4 Kg6 45. g5 Kf5 46.
gxf6 Bxf6 47. Rxa5 Bxh4 0-1

[Event "75. LJUBLJANSKA LIGA 2023"]
[Site " gostovanja"]
[Date "2023.01.19"]
[Round "2.3"]
[White "Rozic, Adrijan"]
[Black "Babic, Miroslav"]
[Result "1-0"]
[WhiteElo "2067"]
[BlackElo "1655"]
[PlyCount "99"]
[EventDate "2023.01.19"]
[WhiteTeam "SK IG"]
[BlackTeam "SK LJUBLJANA"]

1. e4 e6 2. d4 d5 3. Nd2 Nd7 4. Ngf3 dxe4 5. Nxe4 Ngf6 6. Bd3 Nxe4 7. Bxe4 Nf6
8. Bd3 Be7 9. O-O O-O 10. c3 b6 11. Re1 Bb7 12. Bc2 a5 13. Bg5 Ba6 14. Ne5 Nd5
15. Nc6 Qd6 16. Qh5 g6 17. Nxe7+ Nxe7 18. Qh4 Nd5 19. Be4 f6 20. Bh6 Rf7 21.
Bd2 Rd8 22. Rad1 f5 23. Bf3 a4 24. Rxe6 Qd7 25. Rde1 Bc4 26. a3 b5 27. R6e5 Qd6
28. Bg5 Nf6 29. d5 Rdf8 30. Re6 Qd8 31. Qd4 Kg7 32. h4 h6 33. Bf4 Kh7 34. Rd1
Rd7 35. Re5 Ng4 36. Bxg4 fxg4 37. h5 Qf6 38. hxg6+ Qxg6 39. Qe3 Rf5 40. Re6 Rf6
41. Re5 Rdf7 42. g3 Rd7 43. Re7+ Rxe7 44. Qxe7+ Rf7 45. Qe8 Qf6 46. d6 Rf8 47.
Qe4+ Kg8 48. dxc7 Be6 49. Rd6 Bf5 50. Rxf6 1-0

[Event "75. LJUBLJANSKA LIGA 2023"]
[Site " gostovanja"]
[Date "2023.01.19"]
[Round "2.4"]
[White "Komelj, Erazem"]
[Black "Cop, Jaka"]
[Result "0-1"]
[WhiteElo "1589"]
[BlackElo "1919"]
[PlyCount "94"]
[EventDate "2023.01.19"]
[WhiteTeam "SK LJUBLJANA"]
[BlackTeam "SK IG"]

1. d4 d5 2. Bf4 Nf6 3. e3 Bf5 4. Nf3 e6 5. Bd3 Bg6 6. O-O Bd6 7. Bg3 O-O 8. c4
Bxg3 9. hxg3 c6 10. Bxg6 hxg6 11. Qc2 Nbd7 12. Nbd2 Re8 13. Ne5 Nxe5 14. dxe5
Nd7 15. Nf3 Qa5 16. Rfd1 Rad8 17. Qd2 Qxd2 18. Rxd2 Nb6 19. c5 Nd7 20. Rc1 Kf8
21. Kf1 Ke7 22. Ke2 Rh8 23. b4 f6 24. exf6+ gxf6 25. Rdd1 e5 26. Rh1 g5 27. g4
Ra8 28. a4 a5 29. Rxh8 Rxh8 30. b5 Rc8 31. b6 Rh8 32. Nd2 e4 33. f3 Rh2 34. Kf2
exf3 35. Kxf3 Ne5+ 36. Kg3 Rh4 37. e4 Rxg4+ 38. Kh3 Rh4+ 39. Kg3 dxe4 40. Nb3
f5 41. Rc3 Nd3 42. Rxd3 exd3 43. Kf3 Rxa4 44. Ke3 f4+ 45. Kxd3 Ra3 46. Kc4 Rxb3
47. Kxb3 g4 0-1

[Event "75. LJUBLJANSKA LIGA 2023"]
[Site " gostovanja"]
[Date "2023.01.19"]
[Round "2.1"]
[White "Marn, Jan"]
[Black "Markoja, Sebastijan"]
[Result "0-1"]
[WhiteElo "2359"]
[BlackElo "2217"]
[PlyCount "118"]
[EventDate "2023.01.19"]
[WhiteTeam "SD MENGES - TRZIN"]
[BlackTeam "SK DOL PRI LJUBLJANI"]

1. d4 g6 2. e4 Bg7 3. c4 d6 4. Nc3 e5 5. dxe5 dxe5 6. Qxd8+ Kxd8 7. Nf3 f6 8.
Be3 c6 9. O-O-O+ Ke8 10. c5 Nh6 11. h3 Nf7 12. Bc4 Ke7 13. Nd2 Bh6 14. Bxf7
Bxe3 15. fxe3 Kxf7 16. Nc4 Na6 17. Na4 Ke7 18. Na5 Rb8 19. Rd2 Rd8 20. Rxd8
Kxd8 21. Rd1+ Ke7 22. a3 Bd7 23. b4 b6 24. cxb6 axb6 25. Nb3 c5 26. Nc3 Be6 27.
Kb2 cxb4 28. axb4 Nxb4 29. Ra1 Rb7 30. Nc1 Rd7 31. Ra4 Rd2+ 32. Kb1 Nc6 33. Ra6
Na5 34. Rxb6 Nc4 35. Rb7+ Kd6 36. Nb3 Rxg2 37. Na4 Rg1+ 38. Kc2 Nxe3+ 39. Kd3
Bxb3 40. Rxb3 Nd1 41. Rb6+ Ke7 42. Rb7+ Ke6 43. Rxh7 Rg3+ 44. Kc4 Ne3+ 45. Kb5
f5 46. Nc5+ Kf6 47. Nd7+ Kg5 48. Nxe5 fxe4 49. Kc5 Kf4 50. Nc6 Nf5 51. Kc4 Rg1
52. Nb4 Kf3 53. Kc3 e3 54. Nd3 e2 55. Rh8 Rc1+ 56. Nxc1 e1=Q+ 57. Kc2 Nd4+ 58.
Kb1 Qb4+ 59. Ka2 Qd2+ 0-1

[Event "75. LJUBLJANSKA LIGA 2023"]
[Site " gostovanja"]
[Date "2023.01.19"]
[Round "2.2"]
[White "Kampus, Andrej"]
[Black "Sedlar, Tomo"]
[Result "1-0"]
[WhiteElo "1644"]
[BlackElo "1804"]
[PlyCount "113"]
[EventDate "2023.01.19"]
[WhiteTeam "SK DOL PRI LJUBLJANI"]
[BlackTeam "SD MENGES - TRZIN"]

1. e4 e5 2. Nf3 Nc6 3. Bc4 Bc5 4. c3 d6 5. d4 exd4 6. cxd4 Bb6 7. Bb5 Bd7 8.
O-O Nge7 9. Nc3 O-O 10. h3 h6 11. Re1 f5 12. Bc4+ Kh8 13. e5 dxe5 14. dxe5 Be8
15. Be3 Bh5 16. Bxb6 cxb6 17. Nb5 Ng6 18. Qxd8 Raxd8 19. e6 Bxf3 20. gxf3 Nge5
21. e7 Nxf3+ 22. Kh1 Nxe7 23. Rxe7 Rd2 24. Re2 Rfd8 25. Kg2 Nh4+ 26. Kg3 g5 27.
Rae1 h5 28. Re8+ Rxe8 29. Rxe8+ Kg7 30. Re2 f4+ 31. Kh2 Nf3+ 32. Kg2 Nh4+ 33.
Kf1 Rd1+ 34. Re1 Rd2 35. Nxa7 f3 36. Kg1 Ng2 37. Rf1 g4 38. hxg4 hxg4 39. Be6
Rd4 40. Nb5 Re4 41. Bb3 Kh6 42. Nd6 Re2 43. Kh2 Ne3 44. Rh1 Kg5 45. Kg3 Nc2 46.
Nf7+ Kg6 47. Rh6+ Kg7 48. Rh4 Ne3 49. fxe3 Rg2+ 50. Kf4 f2 51. Bc4 f1=Q+ 52.
Bxf1 Rf2+ 53. Ke4 Kxf7 54. Bc4+ Kf6 55. Rxg4 Rxb2 56. Rg8 b5 57. Bb3 1-0

[Event "75. LJUBLJANSKA LIGA 2023"]
[Site " gostovanja"]
[Date "2023.01.19"]
[Round "2.3"]
[White "Veskovic, Dzemal"]
[Black "Magerl, Zan"]
[Result "0-1"]
[WhiteElo "1876"]
[BlackElo "1347"]
[PlyCount "120"]
[EventDate "2023.01.19"]
[WhiteTeam "SD MENGES - TRZIN"]
[BlackTeam "SK DOL PRI LJUBLJANI"]

1. e4 d6 2. d4 Nf6 3. Nc3 g6 4. h3 Bg7 5. Nf3 c5 6. dxc5 Qa5 7. Qd3 Qxc5 8.
Qb5+ Qxb5 9. Bxb5+ Bd7 10. Bxd7+ Nbxd7 11. O-O O-O 12. Be3 a6 13. Rac1 Rac8 14.
Rfd1 b5 15. Nd2 Ne5 16. Ne2 Nc4 17. Nxc4 Rxc4 18. f3 Nd7 19. c3 Rb8 20. a3 a5
21. b3 Rcc8 22. b4 axb4 23. axb4 Nb6 24. Bd4 e5 25. Bxb6 Rxb6 26. Ra1 f5 27.
Rd5 fxe4 28. fxe4 Rc4 29. Rad1 Bf8 30. Ra1 Rxe4 31. Kf2 Rb7 32. Rd3 Be7 33.
Ra8+ Kf7 34. Rf3+ Ke6 35. g3 Rc4 36. Rh8 d5 37. Kg2 Bd6 38. Re8+ Re7 39. Ra8
Rcc7 40. Ra6 Ra7 41. Rb6 Reb7 42. Rxb7 Rxb7 43. Rf1 Ra7 44. Re1 Ra2 45. Kf1 Kd7
46. g4 Be7 47. Nc1 Ra1 48. Nd3 Rxe1+ 49. Kxe1 Ke6 50. Ke2 d4 51. cxd4 exd4 52.
Kd2 Kd5 53. Kc2 Ke4 54. Kd2 Kf3 55. Ne5+ Kg3 56. Kd3 Bxb4 57. Kxd4 Kxh3 58. g5
Be7 59. Nc6 Bxg5 60. Kc5 Be3+ 0-1

[Event "75. LJUBLJANSKA LIGA 2023"]
[Site " gostovanja"]
[Date "2023.01.19"]
[Round "2.4"]
[White "Zdolc, Damjan"]
[Black "Simicak, Metod"]
[Result "0-1"]
[WhiteElo "1686"]
[BlackElo "1704"]
[PlyCount "114"]
[EventDate "2023.01.19"]
[WhiteTeam "SK DOL PRI LJUBLJANI"]
[BlackTeam "SD MENGES - TRZIN"]

1. d4 e6 2. Bf4 d5 3. Nf3 Bd6 4. Bxd6 Qxd6 5. a3 Ne7 6. e3 a6 7. Be2 O-O 8. O-O
Ng6 9. c4 c6 10. c5 Qc7 11. Nc3 f5 12. Nd2 Nd7 13. f4 Nf6 14. Bh5 Ne7 15. Be2
Bd7 16. h3 Be8 17. g4 h6 18. h4 g5 19. hxg5 hxg5 20. fxg5 Qg3+ 21. Kh1 Rf7 22.
g6 Nxg6 23. g5 Rh7+ 24. Bh5 Rxh5+ 25. Qxh5 Nxh5 26. Rf3 Qh4+ 27. Kg2 f4 28. Rh1
Qg4+ 29. Kf2 fxe3+ 30. Kxe3 Ng3 31. Rg1 Nf5+ 32. Kf2 Qxd4+ 33. Kf1 Qxd2 34. Rg2
Ne3+ 35. Rxe3 Qxe3 36. Re2 Qxg5 37. Re1 Bd7 38. Ke2 Rf8 39. Kd3 Rf2 40. Ne2 e5
41. Rg1 Bf5+ 42. Kc3 Qe3+ 43. Kb4 Qd2+ 44. Nc3 Qxb2+ 45. Ka5 d4 46. Rb1 Bxb1
47. a4 Qxc3+ 48. Kb6 Rb2+ 49. Ka7 Qxc5+ 50. Kb8 Qd6+ 51. Ka7 Qc7 52. Ka8 Ne7
53. a5 Rf2 54. Ka7 Rf7 55. Ka8 Nd5 56. Ka7 b5+ 57. Ka8 Rf8# 0-1

[Event "75. LJUBLJANSKA LIGA 2023"]
[Site " gostovanja"]
[Date "2023.01.19"]
[Round "2.1"]
[White "Plaskan, Jure"]
[Black "Butala, Marjan"]
[Result "1-0"]
[WhiteElo "2241"]
[BlackElo "1885"]
[PlyCount "121"]
[EventDate "2023.01.19"]
[WhiteTeam "SD DOMZALE"]
[BlackTeam "KPSRD KAREL JERAJ"]

1. e4 e5 2. Nf3 Nc6 3. Bb5 a6 4. Ba4 Nf6 5. O-O b5 6. Bb3 Be7 7. Re1 O-O 8. d4
d6 9. c3 Bb7 10. Nbd2 Nd7 11. Nf1 Na5 12. Bc2 c5 13. Ne3 g6 14. d5 c4 15. Kh1
Nf6 16. Bd2 Bc8 17. h3 Bd7 18. b4 cxb3 19. axb3 Nb7 20. c4 Nc5 21. Ba5 Qb8 22.
Nd2 b4 23. Ra2 Nh5 24. Ndf1 Ra7 25. Nf5 Bxf5 26. exf5 Rb7 27. Ng3 Nxg3+ 28.
fxg3 Kg7 29. Rf1 Bf6 30. h4 Qe8 31. Qe1 Qe7 32. Bxb4 Nxb3 33. Rxa6 Rxb4 34.
Qxb4 Nc5 35. Ra3 e4 36. Qb1 Qe5 37. g4 Bxh4 38. Qd1 h6 39. fxg6 Bg5 40. Qa1
Qxa1 41. Raxa1 Kxg6 42. Ra7 Bf6 43. Rf4 Re8 44. g3 Re5 45. Kg2 Kg7 46. Kf1 Re8
47. Ke2 Rb8 48. Bxe4 Rb2+ 49. Kf1 Rb4 50. Bc2 Nb3 51. Bd3 Nc1 52. Bf5 Bg5 53.
Rf3 Kf6 54. c5 dxc5 55. d6 Ke5 56. d7 Rd4 57. Ra8 Rd6 58. Rc3 Rd1+ 59. Kf2 Rd2+
60. Ke1 Na2 61. Rxc5+ 1-0

[Event "75. LJUBLJANSKA LIGA 2023"]
[Site " gostovanja"]
[Date "2023.01.19"]
[Round "2.2"]
[White "Mlacnik, Janez"]
[Black "Skok, Joze"]
[Result "0-1"]
[WhiteElo "1832"]
[BlackElo "1940"]
[PlyCount "50"]
[EventDate "2023.01.19"]
[WhiteTeam "KPSRD KAREL JERAJ"]
[BlackTeam "SD DOMZALE"]

1. d4 Nf6 2. c4 g6 3. Nc3 d5 4. cxd5 Nxd5 5. Bd2 Bg7 6. e4 Nxc3 7. Bxc3 O-O 8.
Nf3 c5 9. Be2 cxd4 10. Nxd4 Qb6 11. Nf3 Rd8 12. Qc1 Nc6 13. Bxg7 Kxg7 14. Qc3+
Kg8 15. O-O Bg4 16. Rfd1 Bxf3 17. Bxf3 Nd4 18. Rac1 Rac8 19. Qa3 e5 20. Bg4 Rc6
21. Rxc6 Qxc6 22. Qe3 Qc2 23. f4 h5 24. fxe5 hxg4 25. Rxd4 Qb1+ 0-1

[Event "75. LJUBLJANSKA LIGA 2023"]
[Site " gostovanja"]
[Date "2023.01.19"]
[Round "2.3"]
[White "Markosek, Bine"]
[Black "Vertacnik, Viktor"]
[Result "1-0"]
[WhiteElo "1865"]
[BlackElo "1572"]
[PlyCount "93"]
[EventDate "2023.01.19"]
[WhiteTeam "SD DOMZALE"]
[BlackTeam "KPSRD KAREL JERAJ"]

1. e4 e5 2. Nf3 Nc6 3. Bb5 Nf6 4. O-O Nxe4 5. Re1 Nd6 6. Nxe5 Nxe5 7. Rxe5+ Be7
8. Bf1 O-O 9. d4 Bf6 10. Re1 Nf5 11. c3 Re8 12. Bf4 d6 13. Nd2 Rxe1 14. Qxe1
Qe7 15. Ne4 Bd7 16. Qe2 Re8 17. Re1 Kf8 18. Qh5 Kg8 19. Bd3 g6 20. Nxf6+ Qxf6
21. Rxe8+ Bxe8 22. Qg5 Qxg5 23. Bxg5 Ng7 24. d5 c6 25. Bc4 cxd5 26. Bxd5 Bc6
27. Bxc6 bxc6 28. Kf1 Ne6 29. Be7 d5 30. g3 f5 31. Ke2 Kf7 32. Bd6 Ng5 33. Bb8
a6 34. Ke3 Ke6 35. f3 c5 36. Ba7 Kd6 37. Bb8+ Ke6 38. b4 cxb4 39. cxb4 d4+ 40.
Kxd4 Nxf3+ 41. Kc5 Kd7 42. Kb6 Kc8 43. Bd6 Nxh2 44. Kxa6 Ng4 45. b5 Nf6 46. b6
Ne4 47. b7+ 1-0